000
00314nam a2200133Ia 4500
008
231129s1963||||xx |||||||||||||| ||spa||
040
_b
spa
082
_a
895.65 T165h
100
_a
Tanizaki Junichiro
245
0
_a
Hay quien prefiere las ortigas
260
_c
1963
264
_a
Seix Barral
942
_2
ddc
_c
BKS
999
_c
14933
_d
14933